00347nam a2200133 a 4500008004100000020001800041050001400059100001800073245004300091260003400134300001400168350001000182650002100192201202s2019 ||||||||||||||||| || u a9781335008497 aPZ 7.D359 aDavis, Dana L14aThe voice in my headcBy Dana L. Davis aOntariobink yard pressc2019 a308 pages a15.03 aENGLISH LANGUAGE